Перспективные направления в онкологии, радиобиологии и радиологии (Запись № 10830400)
[ простой вид ]
| 000 -МАРКЕР | |
|---|---|
| контрольное поле | 03242nam0a2200433 4500 |
| 001 - ИДЕНТИФИКАТОР ЗАПИСИ | |
| контрольное поле | RU\NLR\BIBL_A\011589517 |
| 005 - ИДЕНТИФИКАТОР ВЕРСИИ | |
| контрольное поле | 20260406114822.0 |
| 010 ## - МЕЖДУНАРОДНЫЙ СТАНДАРТНЫЙ НОМЕР КНИГИ (ISBN) | |
| Номер (ISBN) | 9785901968307 |
| Тираж | 150 |
| 021 ## - НОМЕР ГОСУДАРСТВЕННОЙ РЕГИСТРАЦИИ | |
| Код страны | Российская Федерация |
| Номер | 2017-94920 |
| Номер Листа государственной регистраци | 6813 |
| 035 ## - ДРУГИЕ СИСТЕМНЫЕ НОМЕРА | |
| Идентификатор записи | (RuMoRGB)009481863 |
| 035 ## - ДРУГИЕ СИСТЕМНЫЕ НОМЕРА | |
| Идентификатор записи | (NLR Aleph) 011589517 |
| 100 ## - ДАННЫЕ ОБЩЕЙ ОБРАБОТКИ | |
| Данные общей обработки | 20180110d2017 k y0rusy50 ca |
| 101 0# - ЯЗЫК РЕСУРСА | |
| Язык текста, звукозаписи и т.д. | русский |
| 102 ## - СТРАНА ПУБЛИКАЦИИ ИЛИ ПРОИЗВОДСТВА | |
| Страна публикации | Российская Федерация |
| 105 ## - ПОЛЕ КОДИРОВАННЫХ ДАННЫХ: ТЕКСТОВЫЕ МАТЕРИАЛЫ, МОНОГРАФИЧЕСКИЕ | |
| Кодированные данные о монографическом текстовом документе | ac||z|||100zy |
| 200 1# - ЗАГЛАВИЕ И СВЕДЕНИЯ ОБ ОТВЕТСТВЕННОСТИ | |
| Основное заглавие | Перспективные направления в онкологии, радиобиологии и радиологии |
| Сведения, относящиеся к заглавию | III конференция молодых учёных, посвященная памяти академика А.Ф. Цыба, 1 декабря 2017 г. |
| -- | [тезисы докладов] |
| Первые сведения об ответственности | Федеральное государственное бюджетное учреждение "Национальный медицинский исследовательский центр радиологии" Министерства здравоохранения Российской Федерации, [Медицинский радиологический научный центр им. А.Ф. Цыба |
| Последующие сведения об ответственности | редакторы: Л.С. Неизвестная, Л.П. Жаворонков] |
| 210 ## - ПУБЛИКАЦИЯ, РАСПРОСТРАНЕНИЕ И ДР. | |
| Место издания, распространения и т.д. | Обнинск |
| Имя издателя, распространителя и т. д. | МРНЦ им. А.Ф. Цыба - филиал ФГБУ "НМИЦ радиологии" Минздрава России |
| Дата издания, распространения и т.д. | 2017 |
| 215 ## - ФИЗИЧЕСКАЯ ХАРАКТЕРИСТИКА | |
| Специфическое обозначение материала и объем | 134 с. |
| Другие сведения о физической характеристике | ил., портр., табл., цв. ил., портр. |
| Размеры | 20 |
| 300 ## - ОБЩИЕ ПРИМЕЧАНИЯ | |
| Текст примечания | В макете подзаг.: Материалы III конференции молодых учёных, посвященной памяти академика А.Ф. Цыба |
| 320 ## - ПРИМЕЧАНИЯ О НАЛИЧИИ В ДОКУМЕНТЕ БИБЛИОГРАФИИ / УКАЗАТЕЛЯ | |
| Текст примечания | Библиогр. в конце ст. |
| 600 #1 - ИМЯ ЛИЦА КАК ПРЕДМЕТ | |
| Начальный элемент ввода | Цыб |
| Часть имени, кроме начального элемента ввода | А.Ф. |
| Даты | 1934 - 2013 |
| Расширение инициалов личного имени | Анатолий Федорович |
| Системный номер авторитетной/нормативной записи | 2352775 |
| Идентификатор авторитетной/нормативной записи | RU\NLR\AUTH\6601628367 |
| 606 1# - НАИМЕНОВАНИЕ ТЕМЫ КАК ПРЕДМЕТ | |
| Наименование темы | Радиобиология |
| Формальный подзаголовок | Тезисы докладов |
| Системный номер авторитетной/нормативной записи | 1250948 |
| Идентификатор авторитетной/нормативной записи | RU\NLR\AUTH\66195121 |
| 606 ## - НАИМЕНОВАНИЕ ТЕМЫ КАК ПРЕДМЕТ | |
| Наименование темы | Онкология |
| Формальный подзаголовок | Тезисы докладов |
| Тематический подзаголовок | Инновационные технологии |
| Системный номер авторитетной/нормативной записи | 2384701 |
| Идентификатор авторитетной/нормативной записи | RU\NLR\AUTH\661422552 |
| 606 1# - НАИМЕНОВАНИЕ ТЕМЫ КАК ПРЕДМЕТ | |
| Наименование темы | Радиология |
| Формальный подзаголовок | Тезисы докладов |
| Тематический подзаголовок | Инновационные технологии |
| Системный номер авторитетной/нормативной записи | 2352780 |
| Идентификатор авторитетной/нормативной записи | RU\NLR\AUTH\6601628369 |
| 686 ## - ИНДЕКСЫ ДРУГИХ КЛАССИФИКАЦИЙ | |
| Индекс | Р36я431(2) |
| Код системы | |
| 686 ## - ИНДЕКСЫ ДРУГИХ КЛАССИФИКАЦИЙ | |
| Индекс | Р562,4я431(2) |
| Код системы | |
| 686 1# - ИНДЕКСЫ ДРУГИХ КЛАССИФИКАЦИЙ | |
| Индекс | Е071.25я431(2) |
| 686 1# - ИНДЕКСЫ ДРУГИХ КЛАССИФИКАЦИЙ | |
| Индекс | Р56с.я431(2) |
| 686 1# - ИНДЕКСЫ ДРУГИХ КЛАССИФИКАЦИЙ | |
| Индекс | Р36с.я431(2) |
| 702 #1 - ИМЯ ЛИЦА - ВТОРИЧНАЯ ОТВЕТСТВЕННОСТЬ | |
| Начальный элемент ввода | Неизвестная |
| Часть имени, кроме начального элемента ввода | Л. С. |
| Код отношения | Редактор |
| 702 #1 - ИМЯ ЛИЦА - ВТОРИЧНАЯ ОТВЕТСТВЕННОСТЬ | |
| Код отношения | Прочие |
| Материалы, к которым относится поле | rus |
| Графика поля | Кириллица |
| Начальный элемент ввода | Цыб |
| Часть имени, кроме начального элемента ввода | А. Ф. |
| Расширение инициалов личного имени | Анатолий Федорович |
| Идентификатор авторитетной/нормативной записи | RU\NLR\AUTH\7714336 |
| Системный номер авторитетной/нормативной записи | 124009 |
| 711 12 - НАИМЕНОВАНИЕ ОРГАНИЗАЦИИ - АЛЬТЕРНАТИВНАЯ ОТВЕТСТВЕННОСТЬ | |
| Начальный элемент ввода | "Перспективные направления в онкологии, радиобиологии и радиологии", научно-практическая конференция молодых учёных |
| Порядковый номер временной организации и / или порядковый номер ее части | 3 |
| Место проведения временной организации | Обнинск |
| Дата проведения временной организации | 2017 |
| Системный номер авторитетной/нормативной записи | 584864 |
| Идентификатор авторитетной/нормативной записи | RU\NLR\AUTH\880461109 |
| 712 02 - НАИМЕНОВАНИЕ ОРГАНИЗАЦИИ - ВТОРИЧНАЯ ОТВЕТСТВЕННОСТЬ | |
| Код отношения | Прочие |
| Начальный элемент ввода | Медицинский радиологический научный центр им. А. Ф. Цыба |
| Идентифицирующий признак | Обнинск |
| Идентификатор авторитетной/нормативной записи | RU\NLR\AUTH\8811091 |
| Системный номер авторитетной/нормативной записи | 294832 |
| 942 ## - ДОПОЛНИТЕЛЬНЫЕ ЭЛЕМЕНТЫ ЗАПИСИ (АБИС) | |
| Тип экземпляра АБИС | Книга |
| 980 ## - КОЛЛЕКЦИЯ | |
| Название коллекции | НБР |
Нет доступных экземпляров.